Southville International School and Colleges
Your cart is empty.
  • Cart
  • Lists
    Public lists Eva Luna New books Lux_list list_1
    Your lists Log in to create your own lists
  • Log in to your account
  • Your cookies
  • Search history
Southville International School and Colleges
  • Advanced search
  • Recent comments
  • Most popular
  • Libraries

Log in to your account

Log in with GOOGLE


If you do not have an external account, but do have a local account, you can still log in:

  1. Home
  2. MARC view: Pharmacy management :
Normal view MARC view ISBD view

Pharmacy management : (Record no. 13349)

[ view plain ]
MARC details
000 -LEADER
fixed length control field 01181cam a22002894a 4500
003 - CONTROL NUMBER IDENTIFIER
control field OSt
005 - DATE AND TIME OF LATEST TRANSACTION
control field 20140310182430.0
008 - FIXED-LENGTH DATA ELEMENTS--GENERAL INFORMATION
fixed length control field 080204s2009 nyua b 001 0 eng
020 ## - INTERNATIONAL STANDARD BOOK NUMBER
International Standard Book Number 9780071494366 (pbk. : alk. paper)
020 ## - INTERNATIONAL STANDARD BOOK NUMBER
International Standard Book Number 0071494367 (pbk. : alk. paper)
050 00 - LIBRARY OF CONGRESS CALL NUMBER
Classification number RS 100
Item number .D47 2009
245 00 - TITLE STATEMENT
Title Pharmacy management :
Remainder of title essentials for all practice settings /
Statement of responsibility, etc edited by; Shane P. Desselle, David P. Zgarrick.
250 ## - EDITION STATEMENT
Edition statement 2nd ed.
260 ## - PUBLICATION, DISTRIBUTION, ETC. (IMPRINT)
Place of publication, distribution, etc New York :
Name of publisher, distributor, etc McGraw-Hill Medical,
Date of publication, distribution, etc c2009.
300 ## - PHYSICAL DESCRIPTION
Extent xvii, 632 p. :
Other physical details ill. ;
Dimensions 24 cm.
541 ## - IMMEDIATE SOURCE OF ACQUISITION NOTE
-- 1
562 ## - COPY AND VERSION IDENTIFICATION NOTE
Number of copies 1
650 #0 - SUBJECT ADDED ENTRY--TOPICAL TERM
Topical term or geographic name as entry element Pharmacy management.
9 (RLIN) 7785
650 12 - SUBJECT ADDED ENTRY--TOPICAL TERM
Topical term or geographic name as entry element Pharmacies
General subdivision organization & administration.
9 (RLIN) 7786
700 1# - ADDED ENTRY--PERSONAL NAME
Personal name Desselle, Shane P.
9 (RLIN) 7787
700 1# - ADDED ENTRY--PERSONAL NAME
Personal name Zgarrick, David P.
9 (RLIN) 7788
700 1# - ADDED ENTRY--PERSONAL NAME
Personal name Desselle, Shane P.
Title of a work Pharmacy management.
9 (RLIN) 7789
856 42 - ELECTRONIC LOCATION AND ACCESS
Materials specified Contributor biographical information
Uniform Resource Identifier <a href="http://www.loc.gov/catdir/enhancements/fy0814/2008005181-b.html">http://www.loc.gov/catdir/enhancements/fy0814/2008005181-b.html</a>
856 42 - ELECTRONIC LOCATION AND ACCESS
Materials specified Publisher description
Uniform Resource Identifier <a href="http://www.loc.gov/catdir/enhancements/fy0814/2008005181-d.html">http://www.loc.gov/catdir/enhancements/fy0814/2008005181-d.html</a>
856 41 - ELECTRONIC LOCATION AND ACCESS
Materials specified Table of contents only
Uniform Resource Identifier <a href="http://www.loc.gov/catdir/toc/ecip0810/2008005181.html">http://www.loc.gov/catdir/toc/ecip0810/2008005181.html</a>
942 ## - ADDED ENTRY ELEMENTS (KOHA)
Source of classification or shelving scheme Library of Congress Classification
Koha item type
Holdings
Withdrawn status Lost status Source of classification or shelving scheme Damaged status Home library Current library Shelving location Date acquired Total Checkouts Total Renewals Full call number Barcode Date last seen Date checked out Copy number Price effective from Koha item type Source of acquisition
    Library of Congress Classification   South SEED-LPDH College Library South SEED-LPDH College Library South SEED-LPDH College Section 08/05/2013 4 11 RS 100 .P536 2009 SSLC0482 11/11/2019 10/25/2019 1 11/06/2013 Books  
    Library of Congress Classification   South SEED-LPDH College Library South SEED-LPDH College Library South SEED-LPDH College Section 08/06/2013     RS 100 .P536 2009 SSLC0442 05/15/2018   3 08/06/2013 Books Donation
    Library of Congress Classification   South SEED-LPDH College Library South SEED-LPDH College Library South SEED-LPDH College Section 08/06/2013     RS 100 .P536 2009 SSLC0444 05/15/2018   2 08/06/2013 Books  

Pharmacy management :

APA

Desselle S. P., Zgarrick D. P. & Desselle S. P. (2009). Pharmacy management. New York: McGraw-Hill Medical.

Chicago

Desselle Shane P, Zgarrick David P and Desselle Shane P. 2009. Pharmacy management. New York: McGraw-Hill Medical.

Harvard

Desselle S. P., Zgarrick D. P. and Desselle S. P. (2009). Pharmacy management. New York: McGraw-Hill Medical.

MLA

Desselle Shane P, Zgarrick David P and Desselle Shane P. Pharmacy management. New York: McGraw-Hill Medical. 2009.

  • Place hold
  • Print
  • Cite
  • Add to your cart (remove)
  • Save record
    BIBTEX Dublin Core MARCXML MARC (non-Unicode/MARC-8) MARC (Unicode/UTF-8) MARC (Unicode/UTF-8, Standard) MODS (XML) RIS
  • More searches
    Search for this title in:
    Other Libraries (WorldCat) Other Databases (Google Scholar) Online Stores (Bookfinder.com) Open Library (openlibrary.org)

Exporting to Dublin Core...

SOUTHVILLE LIBRARY

Southville International School and Colleges Library

1281 Tropical Ave. Cor. Luxembourg St., BF Homes International, Las Pinas City

Tel. No. 8256374 / 252358 Loc. 117/146

Powered by Koha